[Event "SportAccord MindGames Final Tournament"]
[Site "playchess.com #044013"]
[Date "2011.10.29"]
[Round "1"]
[White "Beca King"]
[Black "Sourisblanche"]
[Result "1-0"]
[WhiteElo "2598"]
[BlackElo "2642"]
[PlyCount "53"]
[EventDate "2011.10.29"]
[EventType "tourn (blitz)"]

1. d4 {[%emt 0:00:04]} d5 {[%emt 0:00:04]} 2. c4 {[%emt 0:00:01]} c6 {[%emt 0:
00:03]} 3. Nf3 {[%emt 0:00:01]} Nf6 {[%emt 0:00:01]} 4. Nc3 {[%emt 0:00:01]}
dxc4 {[%emt 0:00:01]} 5. a4 {[%emt 0:00:02]} Bf5 {[%emt 0:00:02]} 6. e3 {[%emt
0:00:04]} e6 {[%emt 0:00:02]} 7. Bxc4 {[%emt 0:00:02]} Bb4 {[%emt 0:00:01]} 8.
O-O {[%emt 0:00:03]} O-O {[%emt 0:00:01]} 9. Bd2 {[%emt 0:00:07]} Nbd7 {[%emt
0:00:07]} 10. Qe2 {[%emt 0:00:03]} Bg6 {[%emt 0:00:02]} 11. h3 {[%emt 0:00:04]}
a5 {[%emt 0:00:06]} 12. Rfd1 {[%emt 0:00:04]} Qe7 {[%emt 0:00:01]} 13. Rac1 {
[%emt 0:00:04]} e5 {[%emt 0:00:02]} 14. d5 {[%emt 0:00:06]} e4 {[%emt 0:00:14]}
15. Nh4 {[%emt 0:00:11]} Bh5 {[%emt 0:00:14]} 16. g4 {[%emt 0:00:02]} Nxg4 {
[%emt 0:00:02]} 17. hxg4 {[%emt 0:00:01]} Qxh4 {[%emt 0:00:02]} 18. gxh5 {
[%emt 0:00:01]} Ne5 {[%emt 0:00:02]} 19. Kg2 {[%emt 0:00:28]} Nf3 {[%emt 0:00:
03]} 20. Nxe4 {[%emt 0:00:19]} Bxd2 {[%emt 0:00:41]} 21. Qxf3 {[%emt 0:00:07]}
Bxc1 {[%emt 0:00:01]} 22. Rxc1 {[%emt 0:00:00]} f5 {[%emt 0:00:15]} 23. dxc6+ {
[%emt 0:00:02]} Kh8 {[%emt 0:00:01]} 24. Nd6 {[%emt 0:00:02]} h6 {[%emt 0:00:
25]} 25. cxb7 {[%emt 0:00:05]} Rab8 {[%emt 0:00:02]} 26. Nf7+ {[%emt 0:00:03]}
Kh7 {[%emt 0:00:01]} 27. Qxf5+ {[%emt 0:00:01] Sourisblanche abandonne} 1-0

[Event "SportAccord MindGames Final Tournament"]
[Site "playchess.com #044013"]
[Date "2011.10.29"]
[Round "1"]
[White "Crg"]
[Black "LAXMAN"]
[Result "1-0"]
[WhiteElo "2564"]
[BlackElo "2713"]
[PlyCount "69"]
[EventDate "2011.10.29"]
[EventType "tourn (blitz)"]

1. d4 {[%emt 0:00:03]} Nf6 {[%emt 0:00:01]} 2. Nf3 {[%emt 0:00:02]} e6 {[%emt
0:00:00]} 3. g3 {[%emt 0:00:01]} b5 {[%emt 0:00:01]} 4. Bg2 {[%emt 0:00:01]}
Bb7 {[%emt 0:00:01]} 5. O-O {[%emt 0:00:00]} c5 {[%emt 0:00:01]} 6. c3 {[%emt
0:00:02]} Na6 {[%emt 0:00:03]} 7. a4 {[%emt 0:00:04]} b4 {[%emt 0:00:01]} 8.
Ne5 {[%emt 0:00:04]} Bxg2 {[%emt 0:00:04]} 9. Kxg2 {[%emt 0:00:00]} Qc7 {[%emt
0:00:00]} 10. a5 {[%emt 0:00:11]} Qb7+ {[%emt 0:00:03]} 11. Nf3 {[%emt 0:00:04]
} Be7 {[%emt 0:00:03]} 12. Bg5 {[%emt 0:00:06]} O-O {[%emt 0:00:03]} 13. Nbd2 {
[%emt 0:00:08]} d5 {[%emt 0:00:08]} 14. Qa4 {[%emt 0:00:05]} h6 {[%emt 0:00:08]
} 15. Bf4 {[%emt 0:00:07]} Nh5 {[%emt 0:00:08]} 16. Be3 {[%emt 0:00:02]} f5 {
[%emt 0:00:01]} 17. dxc5 {[%emt 0:00:06]} bxc3 {[%emt 0:00:09]} 18. c6 {[%emt
0:00:10]} Qc7 {[%emt 0:00:05]} 19. bxc3 {[%emt 0:00:05]} Nc5 {[%emt 0:00:03]}
20. Bxc5 {[%emt 0:00:05]} Bxc5 {[%emt 0:00:00]} 21. Nb3 {[%emt 0:00:01]} Bd6 {
[%emt 0:00:14]} 22. Nbd4 {[%emt 0:00:02]} Rfe8 {[%emt 0:00:05]} 23. Rab1 {
[%emt 0:00:05]} Rab8 {[%emt 0:00:09]} 24. Rb7 {[%emt 0:00:02]} Rxb7 {[%emt 0:
00:06]} 25. cxb7 {[%emt 0:00:00]} Nf6 {[%emt 0:00:00]} 26. a6 {[%emt 0:00:04]}
Bc5 {[%emt 0:00:09]} 27. Qc6 {[%emt 0:00:15]} Bb6 {[%emt 0:00:09]} 28. Qxc7 {
[%emt 0:00:05]} Bxc7 {[%emt 0:00:01]} 29. Nc6 {[%emt 0:00:00]} Nd7 {[%emt 0:00:
03]} 30. Rb1 {[%emt 0:00:06]} Bb6 {[%emt 0:00:02]} 31. Rxb6 {[%emt 0:00:12]}
Nxb6 {[%emt 0:00:01]} 32. b8=Q {[%emt 0:00:01]} Rxb8 {[%emt 0:00:01]} 33. Nxb8
{[%emt 0:00:00]} Kf7 {[%emt 0:00:02]} 34. Nc6 {[%emt 0:00:08]} Nc8 {[%emt 0:00:
01]} 35. Nfd4 {[%emt 0:00:01] LAXMAN resigns} 1-0

[Event "SportAccord MindGames Final Tournament"]
[Site "playchess.com #044013"]
[Date "2011.10.29"]
[Round "1"]
[White "Munkhgal"]
[Black "DirtyJoker"]
[Result "0-1"]
[WhiteElo "2448"]
[BlackElo "2590"]
[PlyCount "60"]
[EventDate "2011.10.29"]
[EventType "tourn (blitz)"]

1. d4 {[%emt 0:00:03]} d5 {[%emt 0:00:01]} 2. c3 {[%emt 0:00:01]} Nf6 {[%emt 0:
00:02]} 3. Nf3 {[%emt 0:00:01]} Bf5 {[%emt 0:00:01]} 4. g3 {[%emt 0:00:01]} e6
{[%emt 0:00:02]} 5. Bg2 {[%emt 0:00:01]} c5 {[%emt 0:00:04]} 6. O-O {[%emt 0:
00:02]} Nc6 {[%emt 0:00:01]} 7. Bg5 {[%emt 0:00:07]} h6 {[%emt 0:00:08]} 8. Bf4
{[%emt 0:00:14]} Bd6 {[%emt 0:00:03]} 9. dxc5 {[%emt 0:00:04]} Bxc5 {[%emt 0:
00:07]} 10. Nbd2 {[%emt 0:00:11]} O-O {[%emt 0:00:03]} 11. Nb3 {[%emt 0:00:04]}
Bb6 {[%emt 0:00:05]} 12. Nbd4 {[%emt 0:00:06]} Bh7 {[%emt 0:00:01]} 13. Nxc6 {
[%emt 0:00:04]} bxc6 {[%emt 0:00:03]} 14. Ne5 {[%emt 0:00:06]} Rc8 {[%emt 0:00:
41]} 15. c4 {[%emt 0:00:11]} Qe7 {[%emt 0:00:04]} 16. Rc1 {[%emt 0:00:09]} Ne4
{[%emt 0:00:02]} 17. Nd3 {[%emt 0:00:23]} Rfd8 {[%emt 0:00:07]} 18. b4 {[%emt
0:00:15]} dxc4 {[%emt 0:00:20]} 19. Rxc4 {[%emt 0:00:01]} Nxf2 {[%emt 0:00:01]}
20. Rxf2 {[%emt 0:00:04]} e5 {[%emt 0:00:01]} 21. Bd2 {[%emt 0:00:36]} e4 {
[%emt 0:00:09]} 22. Nc5 {[%emt 0:00:12]} e3 {[%emt 0:00:01]} 23. Rf1 {[%emt 0:
00:11]} exd2 {[%emt 0:00:10]} 24. e4 {[%emt 0:00:06]} Rd6 {[%emt 0:00:18]} 25.
Rf2 {[%emt 0:00:09]} Rcd8 {[%emt 0:00:02]} 26. h3 {[%emt 0:00:12]} Rd4 {[%emt
0:00:05]} 27. Rxd4 {[%emt 0:00:03]} Rxd4 {[%emt 0:00:01]} 28. Rxd2 {[%emt 0:00:
02]} Rxb4 {[%emt 0:00:04]} 29. Kh2 {[%emt 0:00:10]} Qxc5 {[%emt 0:00:01]} 30.
Qg4 {[%emt 0:00:10]} Qg1# {[%emt 0:00:04]} 0-1

[Event "SportAccord MindGames Final Tournament"]
[Site "playchess.com #044013"]
[Date "2011.10.29"]
[Round "1"]
[White "ChennaiKramnik"]
[Black "Gan-Od_Sereenen"]
[Result "0-1"]
[WhiteElo "2567"]
[BlackElo "2610"]
[PlyCount "68"]
[EventDate "2011.10.29"]
[EventType "tourn (blitz)"]

1. d4 {[%emt 0:00:02]} Nf6 {[%emt 0:00:03]} 2. c4 {[%emt 0:00:02]} g6 {[%emt 0:
00:01]} 3. Nc3 {[%emt 0:00:06]} Bg7 {[%emt 0:00:01]} 4. e4 {[%emt 0:00:01]} d6
{[%emt 0:00:01]} 5. f3 {[%emt 0:00:01]} O-O {[%emt 0:00:01]} 6. Be3 {[%emt 0:
00:01]} e5 {[%emt 0:00:01]} 7. Nge2 {[%emt 0:00:01]} Nc6 {[%emt 0:00:01]} 8.
Qd2 {[%emt 0:00:04]} a6 {[%emt 0:00:03]} 9. O-O-O {[%emt 0:00:06]} Nd7 {[%emt
0:00:01]} 10. Kb1 {[%emt 0:00:05]} f5 {[%emt 0:00:06]} 11. exf5 {[%emt 0:00:04]
} gxf5 {[%emt 0:00:00]} 12. Bg5 {[%emt 0:00:03]} Nf6 {[%emt 0:00:19]} 13. dxe5
{[%emt 0:00:08]} Nxe5 {[%emt 0:00:03]} 14. Nd4 {[%emt 0:00:06]} Qe8 {[%emt 0:
00:08]} 15. Bh6 {[%emt 0:00:05]} Qg6 {[%emt 0:00:06]} 16. Bxg7 {[%emt 0:00:02]}
Qxg7 {[%emt 0:00:01]} 17. Nd5 {[%emt 0:00:04]} Nxd5 {[%emt 0:00:02]} 18. cxd5 {
[%emt 0:00:01]} Bd7 {[%emt 0:00:02]} 19. Be2 {[%emt 0:00:23]} Rae8 {[%emt 0:00:
03]} 20. Ka1 {[%emt 0:00:18]} Kh8 {[%emt 0:00:02]} 21. h4 {[%emt 0:00:03]} f4 {
[%emt 0:00:36]} 22. Rhg1 {[%emt 0:00:19]} Qf6 {[%emt 0:00:08]} 23. Nb3 {[%emt
0:00:11]} Qxh4 {[%emt 0:00:07]} 24. Rh1 {[%emt 0:00:02]} Qg5 {[%emt 0:00:02]}
25. Qc2 {[%emt 0:00:06]} Re7 {[%emt 0:00:42]} 26. Qxc7 {[%emt 0:00:11]} Bb5 {
[%emt 0:00:04]} 27. Qc2 {[%emt 0:00:02]} Bxe2 {[%emt 0:00:12]} 28. Qxe2 {[%emt
0:00:02]} Ng4 {[%emt 0:00:01]} 29. Qd2 {[%emt 0:00:12]} Ne3 {[%emt 0:00:01]}
30. Qd4+ {[%emt 0:00:32]} Re5 {[%emt 0:00:08]} 31. Rd2 {[%emt 0:00:08]} Rc8 {
[%emt 0:00:05]} 32. a3 {[%emt 0:00:05]} Nc2+ {[%emt 0:00:10] ChennaiKramnik
reconnected.} 33. Rxc2 {[%emt 0:00:02]} Rxc2 {[%emt 0:00:00]} 34. Qd3 {[%emt 0:
00:10]} Rc7 {[%emt 0:00:05] Arbiter Decision (Claim)} 0-1

[Event "SportAccord MindGames Final Tournament"]
[Site "playchess.com #044013"]
[Date "2011.10.29"]
[Round "1"]
[White "FCChelsea"]
[Black "Itachi"]
[Result "1/2-1/2"]
[WhiteElo "2553"]
[BlackElo "2672"]
[PlyCount "158"]
[EventDate "2011.10.29"]
[EventType "tourn (blitz)"]

1. Nf3 {[%emt 0:00:02]} d5 {[%emt 0:00:01]} 2. c4 {[%emt 0:00:01]} dxc4 {[%emt
0:00:01]} 3. e3 {[%emt 0:00:01]} Nf6 {[%emt 0:00:02]} 4. Bxc4 {[%emt 0:00:01]}
e6 {[%emt 0:00:01]} 5. O-O {[%emt 0:00:01]} c5 {[%emt 0:00:01]} 6. Nc3 {[%emt
0:00:02]} Nc6 {[%emt 0:00:01]} 7. b3 {[%emt 0:00:01]} a6 {[%emt 0:00:03]} 8.
Bb2 {[%emt 0:00:01]} b5 {[%emt 0:00:03]} 9. Be2 {[%emt 0:00:01]} Bb7 {[%emt 0:
00:01]} 10. Rc1 {[%emt 0:00:13]} Be7 {[%emt 0:00:01]} 11. Qc2 {[%emt 0:00:01]}
O-O {[%emt 0:00:03]} 12. Rfd1 {[%emt 0:00:01]} Rc8 {[%emt 0:00:09]} 13. Qb1 {
[%emt 0:00:02]} Qb6 {[%emt 0:00:10]} 14. d4 {[%emt 0:00:03]} cxd4 {[%emt 0:00:
03]} 15. Nxd4 {[%emt 0:00:01]} Nxd4 {[%emt 0:00:15]} 16. Rxd4 {[%emt 0:00:01]}
Rfd8 {[%emt 0:00:04]} 17. Rcd1 {[%emt 0:00:11]} Rxd4 {[%emt 0:00:20]} 18. Rxd4
{[%emt 0:00:01]} Bc5 {[%emt 0:00:18]} 19. Rd1 {[%emt 0:00:10]} h6 {[%emt 0:00:
06]} 20. Bf1 {[%emt 0:00:02]} Bb4 {[%emt 0:00:03]} 21. Ne2 {[%emt 0:00:07]} Be4
{[%emt 0:00:02]} 22. Qa1 {[%emt 0:00:05]} Be7 {[%emt 0:00:02]} 23. Rc1 {[%emt
0:00:08]} Qb7 {[%emt 0:00:11]} 24. Ng3 {[%emt 0:00:08]} Bd5 {[%emt 0:00:05]}
25. Ne2 {[%emt 0:00:13]} a5 {[%emt 0:00:05]} 26. Nf4 {[%emt 0:00:03]} Bc6 {
[%emt 0:00:04]} 27. Nd3 {[%emt 0:00:10]} a4 {[%emt 0:00:08]} 28. Ne5 {[%emt 0:
00:05]} a3 {[%emt 0:00:06]} 29. Nxc6 {[%emt 0:00:04]} Rxc6 {[%emt 0:00:01]} 30.
Bd4 {[%emt 0:00:02]} b4 {[%emt 0:00:12]} 31. g3 {[%emt 0:00:04]} Qc7 {[%emt 0:
00:05]} 32. Rxc6 {[%emt 0:00:09]} Qxc6 {[%emt 0:00:00]} 33. Qd1 {[%emt 0:00:01]
} Nd5 {[%emt 0:00:09]} 34. Bg2 {[%emt 0:00:07]} Qc7 {[%emt 0:00:10]} 35. Bxd5 {
[%emt 0:00:03]} exd5 {[%emt 0:00:01]} 36. Qg4 {[%emt 0:00:04]} Bf8 {[%emt 0:00:
04]} 37. Qe2 {[%emt 0:00:02]} Qc1+ {[%emt 0:00:04]} 38. Kg2 {[%emt 0:00:01]}
Qb1 {[%emt 0:00:02]} 39. h3 {[%emt 0:00:04]} Qe4+ {[%emt 0:00:03]} 40. Kh2 {
[%emt 0:00:01]} Bd6 {[%emt 0:00:03]} 41. Qg4 {[%emt 0:00:06]} Qxg4 {[%emt 0:00:
02]} 42. hxg4 {[%emt 0:00:01]} Kf8 {[%emt 0:00:03]} 43. Kg2 {[%emt 0:00:01]} g6
{[%emt 0:00:01]} 44. Kf3 {[%emt 0:00:03]} Ke7 {[%emt 0:00:08]} 45. Ke2 {[%emt
0:00:06]} Ke6 {[%emt 0:00:05]} 46. Kd3 {[%emt 0:00:01]} h5 {[%emt 0:00:01]} 47.
gxh5 {[%emt 0:00:02]} gxh5 {[%emt 0:00:00]} 48. Bg7 {[%emt 0:00:01]} f5 {[%emt
0:00:01]} 49. Bd4 {[%emt 0:00:05]} Be7 {[%emt 0:00:03]} 50. Ke2 {[%emt 0:00:05]
} Bd6 {[%emt 0:00:02]} 51. Kf3 {[%emt 0:00:02]} Kd7 {[%emt 0:00:03]} 52. Kg2 {
[%emt 0:00:03]} Ke6 {[%emt 0:00:08]} 53. Kh3 {[%emt 0:00:01]} Be7 {[%emt 0:00:
01]} 54. f3 {[%emt 0:00:04]} Kd6 {[%emt 0:00:06]} 55. Bg7 {[%emt 0:00:06]} Ke6
{[%emt 0:00:02]} 56. Bh8 {[%emt 0:00:08]} Bc5 {[%emt 0:00:01]} 57. Bd4 {[%emt
0:00:09]} Be7 {[%emt 0:00:02]} 58. Kg2 {[%emt 0:00:06]} Bd6 {[%emt 0:00:02]}
59. Kh3 {[%emt 0:00:09]} Be7 {[%emt 0:00:01]} 60. f4 {[%emt 0:00:22]} Kd6 {
[%emt 0:00:04]} 61. Kg2 {[%emt 0:00:02]} Ke6 {[%emt 0:00:01]} 62. Kf3 {[%emt 0:
00:01]} Bd6 {[%emt 0:00:01]} 63. Ke2 {[%emt 0:00:01]} Be7 {[%emt 0:00:03]} 64.
Kd3 {[%emt 0:00:01]} Bd6 {[%emt 0:00:03]} 65. Bb6 {[%emt 0:00:03]} Be7 {[%emt
0:00:14]} 66. Kd4 {[%emt 0:00:10]} Bf8 {[%emt 0:00:01]} 67. Bc5 {[%emt 0:00:22]
} Bg7+ {[%emt 0:00:02]} 68. Kd3 {[%emt 0:00:01]} Bc3 {[%emt 0:00:01]} 69. Ke2 {
[%emt 0:00:01]} Kd7 {[%emt 0:00:07]} 70. Bd4 {[%emt 0:00:01]} Bxd4 {[%emt 0:00:
02]} 71. exd4 {[%emt 0:00:02]} Kc6 {[%emt 0:00:01]} 72. Kf3 {[%emt 0:00:02]}
Kd6 {[%emt 0:00:01]} 73. Kg2 {[%emt 0:00:01]} Ke6 {[%emt 0:00:01]} 74. Kh3 {
[%emt 0:00:01]} Kf6 {[%emt 0:00:01]} 75. Kh4 {[%emt 0:00:01]} Kg6 {[%emt 0:00:
01]} 76. Kh3 {[%emt 0:00:01]} Kh6 {[%emt 0:00:01]} 77. Kh4 {[%emt 0:00:01]} Kg6
{[%emt 0:00:01]} 78. Kh3 {[%emt 0:00:00]} Kh6 {[%emt 0:00:01]} 79. Kh4 {[%emt
0:00:00]} Kg6 {[%emt 0:00:01]} 1/2-1/2

[Event "SportAccord MindGames Final Tournament"]
[Site "playchess.com #044013"]
[Date "2011.10.29"]
[Round "2"]
[White "Gan-Od_Sereenen"]
[Black "Crg"]
[Result "1/2-1/2"]
[WhiteElo "2625"]
[BlackElo "2588"]
[PlyCount "73"]
[EventDate "2011.10.29"]
[EventType "tourn (blitz)"]

1. Nf3 {[%emt 0:00:02]} d5 {[%emt 0:00:02]} 2. g3 {[%emt 0:00:02]} c6 {[%emt 0:
00:01]} 3. Bg2 {[%emt 0:00:01]} g6 {[%emt 0:00:01]} 4. O-O {[%emt 0:00:02]} Bg7
{[%emt 0:00:01]} 5. d3 {[%emt 0:00:03]} Nf6 {[%emt 0:00:01]} 6. Nbd2 {[%emt 0:
00:02]} O-O {[%emt 0:00:01]} 7. Re1 {[%emt 0:00:03]} Nbd7 {[%emt 0:00:04]} 8.
e4 {[%emt 0:00:01]} dxe4 {[%emt 0:00:03]} 9. Nxe4 {[%emt 0:00:00]} Nxe4 {[%emt
0:00:03]} 10. Rxe4 {[%emt 0:00:00]} Nf6 {[%emt 0:00:03]} 11. Re1 {[%emt 0:00:
01]} Nd5 {[%emt 0:00:09]} 12. Ne5 {[%emt 0:00:08]} Qc7 {[%emt 0:00:03]} 13. Nc4
{[%emt 0:00:03]} Be6 {[%emt 0:00:06]} 14. Ne3 {[%emt 0:00:02]} Nxe3 {[%emt 0:
00:03]} 15. Rxe3 {[%emt 0:00:00]} Rfd8 {[%emt 0:00:03]} 16. a4 {[%emt 0:00:08]}
a5 {[%emt 0:00:05]} 17. Re1 {[%emt 0:00:04]} Qb6 {[%emt 0:00:02]} 18. Qe2 {
[%emt 0:00:05]} Rd7 {[%emt 0:00:09]} 19. Rb1 {[%emt 0:00:04]} Ba2 {[%emt 0:00:
18]} 20. Ra1 {[%emt 0:00:03]} Bd5 {[%emt 0:00:07]} 21. Rb1 {[%emt 0:00:03]}
Bxg2 {[%emt 0:00:15]} 22. Kxg2 {[%emt 0:00:00]} Qb4 {[%emt 0:00:05]} 23. b3 {
[%emt 0:00:03]} Bc3 {[%emt 0:00:02]} 24. Rd1 {[%emt 0:00:04]} Qc5 {[%emt 0:00:
02]} 25. Be3 {[%emt 0:00:01]} Qd5+ {[%emt 0:00:01]} 26. Qf3 {[%emt 0:00:02]} b5
{[%emt 0:00:02]} 27. Qxd5 {[%emt 0:00:06]} Rxd5 {[%emt 0:00:01]} 28. Kf3 {
[%emt 0:00:14]} Rb8 {[%emt 0:00:07]} 29. Bf4 {[%emt 0:00:05]} e5 {[%emt 0:00:
03]} 30. Be3 {[%emt 0:00:03]} f5 {[%emt 0:00:02]} 31. Ke2 {[%emt 0:00:01]} Kf7
{[%emt 0:00:03]} 32. Bd2 {[%emt 0:00:16]} Bxd2 {[%emt 0:00:03]} 33. Kxd2 {
[%emt 0:00:00]} e4 {[%emt 0:00:05]} 34. Ke3 {[%emt 0:00:07]} exd3 {[%emt 0:00:
02]} 35. cxd3 {[%emt 0:00:09]} Re8+ {[%emt 0:00:07]} 36. Kd2 {[%emt 0:00:05]}
Red8 {[%emt 0:00:01]} 37. Ke3 {[%emt 0:00:07] Gan-Od_Sereenen offers a draw}
1/2-1/2

[Event "SportAccord MindGames Final Tournament"]
[Site "playchess.com #044013"]
[Date "2011.10.29"]
[Round "2"]
[White "FCChelsea"]
[Black "Beca King"]
[Result "0-1"]
[WhiteElo "2558"]
[BlackElo "2618"]
[PlyCount "106"]
[EventDate "2011.10.29"]
[EventType "tourn (blitz)"]

1. Nf3 {[%emt 0:00:02]} g6 {[%emt 0:00:01]} 2. c4 {[%emt 0:00:01]} Bg7 {[%emt
0:00:01]} 3. g3 {[%emt 0:00:01]} c5 {[%emt 0:00:01]} 4. Bg2 {[%emt 0:00:01]}
Nc6 {[%emt 0:00:02]} 5. O-O {[%emt 0:00:01]} d6 {[%emt 0:00:01]} 6. Nc3 {[%emt
0:00:02]} h5 {[%emt 0:00:01]} 7. a3 {[%emt 0:00:04]} Bg4 {[%emt 0:00:02]} 8.
Rb1 {[%emt 0:00:05]} Bxf3 {[%emt 0:00:04]} 9. Bxf3 {[%emt 0:00:01]} h4 {[%emt
0:00:01]} 10. e3 {[%emt 0:00:06]} hxg3 {[%emt 0:00:02]} 11. fxg3 {[%emt 0:00:
02]} Qd7 {[%emt 0:00:02]} 12. Bg2 {[%emt 0:00:05]} Nf6 {[%emt 0:00:02]} 13. Nd5
{[%emt 0:00:13]} Nxd5 {[%emt 0:00:10]} 14. Bxd5 {[%emt 0:00:08]} e6 {[%emt 0:
00:01]} 15. Bg2 {[%emt 0:00:02]} O-O {[%emt 0:00:19]} 16. b4 {[%emt 0:00:02]}
Rac8 {[%emt 0:00:02]} 17. Qe2 {[%emt 0:00:02]} b6 {[%emt 0:00:02]} 18. d3 {
[%emt 0:00:05]} d5 {[%emt 0:00:06]} 19. bxc5 {[%emt 0:00:12]} bxc5 {[%emt 0:00:
01]} 20. cxd5 {[%emt 0:00:01]} exd5 {[%emt 0:00:01]} 21. Qa2 {[%emt 0:00:04]}
Rcd8 {[%emt 0:00:35]} 22. Kh1 {[%emt 0:00:01]} Ne5 {[%emt 0:00:02]} 23. Qc2 {
[%emt 0:00:12]} c4 {[%emt 0:00:01]} 24. dxc4 {[%emt 0:00:07]} dxc4 {[%emt 0:00:
01]} 25. Bb2 {[%emt 0:00:04]} Qd3 {[%emt 0:00:01]} 26. Rbc1 {[%emt 0:00:13]}
Ng4 {[%emt 0:00:17]} 27. Bxg7 {[%emt 0:00:26]} Kxg7 {[%emt 0:00:01]} 28. Qb2+ {
[%emt 0:00:01]} Kg8 {[%emt 0:00:01]} 29. Rc3 {[%emt 0:00:01]} Qd2 {[%emt 0:00:
01]} 30. Qxd2 {[%emt 0:00:04]} Rxd2 {[%emt 0:00:02]} 31. h3 {[%emt 0:00:01]}
Ne5 {[%emt 0:00:03]} 32. Rfc1 {[%emt 0:00:13]} Rfd8 {[%emt 0:00:01]} 33. Bf1 {
[%emt 0:00:07]} Rf2 {[%emt 0:00:05]} 34. R3c2 {[%emt 0:00:06]} Rf3 {[%emt 0:00:
02]} 35. Bxc4 {[%emt 0:00:38]} Rxg3 {[%emt 0:00:02]} 36. Bf1 {[%emt 0:00:13]}
Rxe3 {[%emt 0:00:04]} 37. a4 {[%emt 0:00:02]} Kg7 {[%emt 0:00:01]} 38. Rc7 {
[%emt 0:00:05]} Rd2 {[%emt 0:00:13]} 39. R1c2 {[%emt 0:00:01]} Rxc2 {[%emt 0:
00:02]} 40. Rxc2 {[%emt 0:00:01]} Ra3 {[%emt 0:00:01]} 41. Rc5 {[%emt 0:00:01]}
Nf3 {[%emt 0:00:06]} 42. Kg2 {[%emt 0:00:17]} Nh4+ {[%emt 0:00:02]} 43. Kf2 {
[%emt 0:00:01]} Rxa4 {[%emt 0:00:01]} 44. Bc4 {[%emt 0:00:01]} Nf5 {[%emt 0:00:
05]} 45. Rc7 {[%emt 0:00:02]} Nd6 {[%emt 0:00:01]} 46. Bd5 {[%emt 0:00:01]} Rd4
{[%emt 0:00:01]} 47. Bb3 {[%emt 0:00:06]} a5 {[%emt 0:00:01]} 48. Ra7 {[%emt 0:
00:01]} Rb4 {[%emt 0:00:04]} 49. Bd1 {[%emt 0:00:01]} Rb5 {[%emt 0:00:05]} 50.
Ke3 {[%emt 0:00:01]} Kf6 {[%emt 0:00:02]} 51. Be2 {[%emt 0:00:01]} Re5+ {[%emt
0:00:02]} 52. Kf3 {[%emt 0:00:00]} Nf5 {[%emt 0:00:01]} 53. Bd3 {[%emt 0:00:05]
} Re3+ {[%emt 0:00:01] FCChelsea resigns} 0-1

[Event "SportAccord MindGames Final Tournament"]
[Site "playchess.com #044013"]
[Date "2011.10.29"]
[Round "2"]
[White "LAXMAN"]
[Black "Munkhgal"]
[Result "1/2-1/2"]
[WhiteElo "2690"]
[BlackElo "2427"]
[PlyCount "128"]
[EventDate "2011.10.29"]
[EventType "tourn (blitz)"]

1. Nf3 {[%emt 0:00:00]} Nf6 {[%emt 0:00:02]} 2. c4 {[%emt 0:00:01]} e6 {[%emt
0:00:01]} 3. g3 {[%emt 0:00:01]} d5 {[%emt 0:00:01]} 4. d4 {[%emt 0:00:01]}
dxc4 {[%emt 0:00:05]} 5. Bg2 {[%emt 0:00:01]} Bb4+ {[%emt 0:00:01]} 6. Bd2 {
[%emt 0:00:05]} c5 {[%emt 0:00:01]} 7. Bxb4 {[%emt 0:00:03]} cxb4 {[%emt 0:00:
01]} 8. Ne5 {[%emt 0:00:00]} O-O {[%emt 0:00:02]} 9. Nxc4 {[%emt 0:00:01]} Nc6
{[%emt 0:00:10]} 10. e3 {[%emt 0:00:01]} e5 {[%emt 0:00:11]} 11. d5 {[%emt 0:
00:13]} b5 {[%emt 0:00:03]} 12. dxc6 {[%emt 0:00:03]} Qxd1+ {[%emt 0:00:02]}
13. Kxd1 {[%emt 0:00:01]} bxc4 {[%emt 0:00:00]} 14. Nd2 {[%emt 0:00:06]} Bg4+ {
[%emt 0:00:27]} 15. f3 {[%emt 0:00:10]} Be6 {[%emt 0:00:03]} 16. f4 {[%emt 0:
00:03]} c3 {[%emt 0:00:13]} 17. bxc3 {[%emt 0:00:03]} bxc3 {[%emt 0:00:01]} 18.
Nb3 {[%emt 0:00:16]} Rac8 {[%emt 0:00:32]} 19. Kc2 {[%emt 0:00:43]} Bd5 {[%emt
0:00:07]} 20. Bxd5 {[%emt 0:00:10]} Nxd5 {[%emt 0:00:01]} 21. e4 {[%emt 0:00:
00]} Nb4+ {[%emt 0:00:32]} 22. Kxc3 {[%emt 0:00:01]} Nxc6 {[%emt 0:00:01]} 23.
Rac1 {[%emt 0:00:07]} Rfe8 {[%emt 0:00:12]} 24. f5 {[%emt 0:00:18]} a5 {[%emt
0:00:19]} 25. Kb2 {[%emt 0:00:10]} Nb4 {[%emt 0:00:13]} 26. Rhd1 {[%emt 0:00:
24]} a4 {[%emt 0:00:06]} 27. Rxc8 {[%emt 0:00:09]} Rxc8 {[%emt 0:00:02]} 28.
Nc5 {[%emt 0:00:00]} h5 {[%emt 0:00:09]} 29. Nxa4 {[%emt 0:00:03]} Nc6 {[%emt
0:00:04]} 30. Rc1 {[%emt 0:00:19] .} Rb8+ {[%emt 0:00:01]} 31. Kc3 {[%emt 0:00:
14]} Nd4 {[%emt 0:00:08]} 32. Kd3 {[%emt 0:00:03]} Ra8 {[%emt 0:00:04]} 33. Nc3
{[%emt 0:00:03]} Ra3 {[%emt 0:00:01]} 34. Kc4 {[%emt 0:00:06]} Kh7 {[%emt 0:00:
06]} 35. h4 {[%emt 0:00:01]} Ra8 {[%emt 0:00:02]} 36. Rb1 {[%emt 0:00:01]} Rc8+
{[%emt 0:00:01]} 37. Kd3 {[%emt 0:00:01]} Rd8 {[%emt 0:00:02]} 38. Nd5 {[%emt
0:00:01]} Ra8 {[%emt 0:00:01]} 39. Nc3 {[%emt 0:00:01]} Ra3 {[%emt 0:00:01]}
40. Kc4 {[%emt 0:00:04]} Ra8 {[%emt 0:00:02]} 41. Rb7 {[%emt 0:00:02]} Rc8+ {
[%emt 0:00:01]} 42. Kd3 {[%emt 0:00:01]} Rd8 {[%emt 0:00:01]} 43. Nd5 {[%emt 0:
00:06]} Nxf5 {[%emt 0:00:01]} 44. exf5 {[%emt 0:00:01]} Rxd5+ {[%emt 0:00:01]}
45. Ke4 {[%emt 0:00:00]} Ra5 {[%emt 0:00:02]} 46. Rxf7 {[%emt 0:00:01]} Kg8 {
[%emt 0:00:02]} 47. Re7 {[%emt 0:00:03]} Rxa2 {[%emt 0:00:01]} 48. Rxe5 {[%emt
0:00:03]} Ra4+ {[%emt 0:00:02]} 49. Kf3 {[%emt 0:00:01]} Kf7 {[%emt 0:00:02]}
50. Re6 {[%emt 0:00:00]} Ra5 {[%emt 0:00:03]} 51. Kf4 {[%emt 0:00:01]} Ra4+ {
[%emt 0:00:01]} 52. Re4 {[%emt 0:00:00]} Ra3 {[%emt 0:00:03]} 53. Re3 {[%emt 0:
00:01]} Ra5 {[%emt 0:00:04]} 54. Kg5 {[%emt 0:00:02]} g6 {[%emt 0:00:02]} 55.
Rf3 {[%emt 0:00:01]} Kg7 {[%emt 0:00:01]} 56. Rf2 {[%emt 0:00:07]} Rb5 {[%emt
0:00:01]} 57. Rf3 {[%emt 0:00:04]} Rc5 {[%emt 0:00:02]} 58. Rf4 {[%emt 0:00:03]
} Rb5 {[%emt 0:00:01]} 59. g4 {[%emt 0:00:00]} hxg4 {[%emt 0:00:03]} 60. Kxg4 {
[%emt 0:00:01]} Rxf5 {[%emt 0:00:02]} 61. Rxf5 {[%emt 0:00:01]} gxf5+ {[%emt 0:
00:00]} 62. Kxf5 {[%emt 0:00:00]} Kh6 {[%emt 0:00:01]} 63. Ke4 {[%emt 0:00:02]}
Kh5 {[%emt 0:00:01]} 64. Ke3 {[%emt 0:00:00]} Kxh4 {[%emt 0:00:00]} 1/2-1/2